000
00313nam a22001337a 4500
008
170602b xxu||||| |||| 00| 0 eng d
020
_a
9780195099027
041
_a
eng
080
_a
94(100)
100
_a
18
101
_a
SHH
245
_a
WORLD ECONOMIC PRIMACY 1500-1990
_c
KINDLEBERGER,CH.P
942
_2
udc
_c
BK
999
_c
15833
_d
15833